00609 a2200145 4500003000500000005001700005040000900022082001300031100002100044245004300065260002600108300001400134505029400148650002100442Nust20221221110310.0 cNust a180, LIV aR.W Livingstone  aThe Mission of GreececR.W.Livingstone alondonboxford c1928 axi,302p.; aIntroduction (Page-1), Epicurus (Page-13), The Cynics (Page-28), The Stoics Epictetus (Page-38), Marcus Aurelis (Page-75), A Philosophic Missionary Dion Chrysostom (Page-103), Plutarch (Page-139), A Prince of Neurotics Aralias Aristides (Page-239), Lucian (Page-263), Epilogue (Page-300).  agreek literature